000
00326nam a2200121Ia 4500
008
191206s9999 xx 000 0 und d
020
_a
841903069
245
4
_a
The Novel and Contemporary Experience in Africa
260
_a
Africana Pub. Co.
260
_c
c1977
300
_a
136 p. ; 23 cm.
999
_c
17377
_d
17377